00495 2200181 4500001002100000005001500021035002000036245005400056100002200110260004400132300003000176020002200206084001400228082000800242650001000250008004100260990001200301INLIS00000000000270520251007091129 a0010-09250000521 aRahasia Menjadi Siswa Unggul /cDr. Sunardi, M.Se aDr. Sunardi, M.Se aJakarta :bEsensi Erlangga Group,c2011 a159 hlm ;c(14,5 x 21 cm) a978-979-099-506-2 a600 DR. r a600 4aFiksi251007 0  a0754907